000
00242nam a2200097Ia 4500
082
_a
J 538 LUHR
245
0
_a
Magnetism
100
_a
LUHRS, Otto New Delhi, [c.2009]
_9
74058
942
_c
BK
008
210817s9999 xx 000 0 und d
999
_c
243551
_d
243550